[Event "Czech Open A"]
[Site "Pardubice CZE"]
[Date "2006.07.21"]
[Round "1"]
[White "Folk,P"]
[Black "Zubarev,Al1"]
[Result "0-1"]
[WhiteElo "2308"]
[BlackElo "2518"]

1.e4 c5 2.Nf3 Nc6 3.d4 cxd4 4.Nxd4 Qb6 5.Nb3 Nf6 6.Nc3 e6 7.Bd3 a6 8.O-O Be7
9.Kh1 d6 10.f4 Qc7 11.Qf3 O-O 12.Bd2 Rb8 13.Rae1 Bd7 14.Qh3 g6 15.Rf3 b5
16.a3 Rbc8 17.Rg3 Rfe8 18.Rf1 b4 19.axb4 Nxb4 20.Nd4 Nxd3 21.cxd3 Qc5 22.Nf3 Qh5
23.f5 exf5 24.Nd5 Qxh3 25.Nxe7+ Rxe7 26.gxh3 fxe4 27.Bg5 exf3 28.Bxf6 Re2
29.Bc3 f2  0-1

[Event "10th Battle of Senta 1697 Open"]
[Site "Senta SCG"]
[Date "2006.07.21"]
[Round "1"]
[White "Janjusevic,B"]
[Black "Rogac,S"]
[Result "0-1"]
[WhiteElo "2036"]
[BlackElo "2329"]

1.e4 c5 2.Nf3 Nc6 3.d4 cxd4 4.Nxd4 Qc7 5.c4 e6 6.Nc3 Nf6 7.a3 a6 8.Be3 Be7
9.Be2 O-O 10.O-O Ne5 11.Rc1 d6 12.f4 Ng6 13.b4 Bd7 14.h3 Rac8 15.Bd3 Rfe8
16.Qf3 e5 17.Nd5 Nxd5 18.cxd5 Qd8 19.Ne2 exf4 20.Bxf4 Nxf4 21.Qxf4 Qb6+ 22.Kh1 Bf6
23.Qg3 Be5 24.Qf3 f6 25.Nf4 a5 26.Ne6 axb4 27.axb4 Rxc1 28.Rxc1 Rc8 29.Rxc8+ Bxc8
30.Qh5 Bd7 31.Qg4 g6 32.Qh4 Qxb4 33.Qf2 Qa5 34.g3 b5 35.Kg2 Qc3 36.Qc2 Qe1
37.Qf2 Qxf2+ 38.Kxf2 b4 39.g4 b3 40.Nd8 Ba4 41.Ke2 Bc3 42.Bb1 Bb5+ 43.Bd3 b2  0-1

[Event "Czech Open A"]
[Site "Pardubice CZE"]
[Date "2006.07.22"]
[Round "2"]
[White "Stellwagen,R"]
[Black "Dovzhenko,V"]
[Result "0-1"]
[WhiteElo "2208"]
[BlackElo "2320"]

1.e4 c5 2.Nf3 Nc6 3.d4 cxd4 4.Nxd4 Qc7 5.Nc3 e6 6.Be2 Nf6 7.Be3 Bb4 8.Nb5 Qb8
9.a3 Be7 10.O-O O-O 11.f4 d6 12.Qd3 Rd8 13.Rad1 a6 14.Nd4 Qc7 15.Nb3 b5 16.Bf3 Rb8
17.Qe2 a5 18.Qf2 b4 19.axb4 axb4 20.Ne2 Ba6 21.Rd2 Bc4 22.Rfd1 Bxb3 23.cxb3 Nd7
24.Rc2 Qb7 25.e5 d5 26.Nd4 Nxd4 27.Bxd4 Rdc8 28.Rdc1 g6 29.g4 Kf8 30.Kg2 Ke8
31.f5 Rxc2 32.Rxc2 Rc8 33.fxe6 fxe6 34.Qd2 Rxc2 35.Qxc2 Kd8 36.Be2 Qc7 37.Qxc7+ Kxc7
38.Bd3 Bc5 39.Bxc5 Nxc5 40.Bc2 Nd7 41.Kf3 Nxe5+ 42.Kf4 Nf7 43.g5 Kd6 44.h4 e5+
45.Kg4 e4 46.Kf4 Nd8  0-1

[Event "10th Battle of Senta 1697 Open"]
[Site "Senta SCG"]
[Date "2006.07.22"]
[Round "3"]
[White "Domany,Z"]
[Black "Rogac,S"]
[Result "1/2-1/2"]
[WhiteElo "2172"]
[BlackElo "2329"]

1.e4 c5 2.Nf3 Nc6 3.d4 cxd4 4.Nxd4 Qc7 5.Nc3 e6 6.g3 a6 7.Bg2 Nf6 8.O-O Bc5
9.Nb3 Ba7 10.Re1 d6 11.Bf4 Ne5 12.Bxe5 dxe5 13.Qd2 Bd7 14.Rad1 Bc6 15.Qd6 Qxd6
16.Rxd6 Ke7 17.Rd2 Rad8 18.Red1 Rxd2 19.Rxd2 b5 20.a3 Bb6 21.Kf1 Rc8 22.Nc1 Bb7
23.f3 Ba5 24.N1a2 Ne8 25.b4 Bb6 26.Ke1 Nd6 27.Bf1 Be3 28.Rd1 Bd4 29.Kd2 f5
30.Bd3 g5 31.Re1 f4 32.g4 h5 33.h3 hxg4 34.hxg4 Rh8 35.Nd1 Rh2+ 36.Kc1 Kd7
37.Nac3 Bc6 38.Nb1 Nc4 39.a4 Nd6 40.a5 Nc4 41.Nbc3 Ne3 42.Kb2 Rh3 43.Nxe3 Bxe3
44.Be2 Kc7 45.Rd1 Bd4 46.Rd3 Rh2 47.Bd1 Rh1 48.Kb3 Re1 49.Ne2 Be3 50.Nc3  1/2-1/2

[Event "Summer Cup"]
[Site "Litohoro GRE"]
[Date "2006.07.24"]
[Round "3"]
[White "Stiri,A"]
[Black "Kapnisis,S"]
[Result "1/2-1/2"]
[WhiteElo "2186"]
[BlackElo "2419"]

1.e4 c5 2.Nf3 Nc6 3.d4 cxd4 4.Nxd4 Qb6 5.Nb3 Nf6 6.Nc3 e6 7.Bd3 d6 8.O-O a6
9.Kh1 Be7 10.f4 Qc7 11.Qe2 b5 12.Bd2 O-O 13.Rae1 b4 14.Nd1 e5 15.f5 a5 16.Ne3 Nd4
17.Nxd4 exd4 18.Ng4 Re8 19.Nxf6+ Bxf6 20.Qh5 Ba6 21.Rf3 Bxd3 22.cxd3 Qc2
23.Bh6 Kf8 24.Bg5 Ke7 25.h3 Qc5 26.Rc1 Qb6 27.Rc2 Rac8 28.Rff2 Rxc2 29.Rxc2 Rh8
30.Rc4 h6 31.Bxf6+ gxf6 32.Qd1 Qb8 33.Qc1 Kd7 34.Rxd4 Rc8 35.Rc4 Rxc4 36.Qxc4 Ke7
37.Kg1 Qb6+ 38.Kf1 Qe3 39.Qc7+ Ke8 40.Qxd6 Qc1+ 41.Ke2 Qxb2+ 42.Kf3 Qxa2
43.Qxf6 Kd7  1/2-1/2

[Event "Czech Open A"]
[Site "Pardubice CZE"]
[Date "2006.07.24"]
[Round "4"]
[White "Vozovic,O"]
[Black "Arzumanian,G"]
[Result "0-1"]
[WhiteElo "2356"]
[BlackElo "2446"]

1.e4 c5 2.Nf3 Nc6 3.d4 cxd4 4.Nxd4 Qb6 5.Nb3 Nf6 6.Nc3 e6 7.a3 Qc7 8.Be3 a6
9.Be2 b5 10.f4 d6 11.O-O Be7 12.Kh1 O-O 13.Qe1 Rb8 14.Qg3 b4 15.axb4 Nxb4
16.Nd4 Kh8 17.e5 Nfd5 18.Nxd5 Nxd5 19.Bc1 f6 20.exd6 Bxd6 21.Qh4 f5 22.c3 Rb6
23.Ra4 Qd7 24.Bd1 Be7 25.Qe1 Qe8 26.Qe2 Bf6 27.Nf3 Bd7 28.Ra3 Qb8 29.Qf2 Rc8
30.Re1 Be7 31.Ra1 Nf6 32.Ne5 Be8 33.Ba4 Bxa4 34.Rxa4 Qc7 35.Qe2 Ne4 36.Rxe4 fxe4
37.Qxe4 Kg8 38.Be3 Rbb8 39.f5 Qb7 40.Qg4 Bf6 41.Bd4 exf5 42.Qxf5 Re8 43.b4 Qc7
44.Re3 Rb5 45.Rh3 Rbxe5 46.Qxh7+ Kf7 47.Bxe5 Qxe5  0-1

[Event "10th Battle of Senta 1697 Open"]
[Site "Senta SCG"]
[Date "2006.07.24"]
[Round "5"]
[White "Ravic,N"]
[Black "Damjanovic,D"]
[Result "0-1"]
[WhiteElo "2151"]
[BlackElo "2273"]

1.e4 c5 2.Nf3 Nc6 3.d4 cxd4 4.Nxd4 Qc7 5.Nc3 e6 6.Be3 a6 7.Qd2 Nf6 8.O-O-O Bb4
9.f3 Ne5 10.Nb3 b5 11.Kb1 Be7 12.Qf2 d6 13.g4 Rb8 14.g5 Nh5 15.Qh4 g6 16.f4 Nc4
17.Bd4 O-O 18.f5 b4 19.f6 Bd8 20.Ne2 e5 21.Ng3 exd4 22.Bxc4 Qxc4 23.Nxh5 gxh5
24.Qxh5 Kh8 25.Rdf1 Rg8 26.Nd2 Qe6 27.Rf4 Rg6 28.Nf3 Rb5 29.Rh4 h6 30.Nxd4 Rbxg5
31.Qxh6+ Rxh6 32.Rxh6+ Kg8 33.Nxe6 Bxe6 34.Rf1 Bb6 35.Rh4 Bd4 36.Kc1 Rg6
37.Rf3 Bxf6  0-1

[Event "10th Battle of Senta 1697 Open"]
[Site "Senta SCG"]
[Date "2006.07.24"]
[Round "5"]
[White "Fridvalszki,R"]
[Black "Pacal,M"]
[Result "1/2-1/2"]
[WhiteElo "2048"]
[BlackElo "2236"]

1.e4 c5 2.Nf3 Nc6 3.d4 cxd4 4.Nxd4 Qc7 5.Nc3 e6 6.Be2 a6 7.Be3 Nf6 8.O-O b5
9.a3 Bb7 10.Nb3 Ne5 11.Nd2 d6 12.f4 Ned7 13.Bf3 Be7 14.Qe2 Rc8 15.Rac1 O-O
16.g4 Nb6 17.g5 Nfd7 18.f5 Rfe8 19.Qf2 exf5 20.exf5 Bxf3 21.Qxf3 Bf8 22.g6 Ne5
23.gxh7+ Kh8 24.Qg2 Ng4 25.Bd4 Ne3 26.Bxe3 Rxe3 27.Nf3 Be7 28.Ng5  1/2-1/2

[Event "MTO Open"]
[Site "Biel SUI"]
[Date "2006.07.26"]
[Round "3"]
[White "Karasik,E"]
[Black "Landenbergue,C"]
[Result "1/2-1/2"]
[WhiteElo "2289"]
[BlackElo "2440"]

1.e4 c5 2.Nf3 Nc6 3.d4 cxd4 4.Nxd4 Qb6 5.Nb5 a6 6.Be3 Qd8 7.Nd4 e6 8.Nc3 Qc7
9.Qd2 Nf6 10.f3 Bb4 11.g4 h6 12.a3 Be7 13.h4 b5 14.Nxc6 dxc6 15.Bg2 e5 16.Ne2 Be6
17.Ng3 Bd6 18.Bh3 O-O-O 19.Qf2 Kb8 20.a4 Nd7 21.Kf1 b4 22.Kg2 Qa5 23.Rhd1 Be7
24.Ne2 g5 25.h5 Nc5 26.b3 Bc8 27.Kh2 Ne6 28.Qg1 Bc5 29.Bf1 Bxe3 30.Qxe3 Qc5
31.Qxc5 Nxc5 32.Ng3 Be6 33.Be2 Rd4 34.Kg2 Rhd8 35.Kf2 a5 36.Rab1 Kc7 37.Ke3 R8d6
38.Nf1 Nd7 39.Rd3 Nb6 40.Rbd1 c5 41.Ng3 Rxd3+ 42.Rxd3 c4 43.Rxd6 Kxd6 44.Kd2 Kc5
45.Bd1 Nc8 46.Ne2 Ne7 47.Nc1 Nc6 48.Ke3 Nd4 49.Kd2 Bc8 50.Ke3 Ba6 51.Kd2 Ne6
52.Ke3 Nf4 53.Na2 Ng2+ 54.Kf2 cxb3 55.cxb3 Kd4 56.Kxg2 Ke3 57.f4 exf4 58.Bf3 f6
59.Bd1 Kd2 60.Bf3 Ke3 61.Bd1 Bd3 62.Bf3 Kd2 63.Kf2 Bb1 64.Nxb4 axb4 65.a5 Bd3
66.Bg2 Kc3 67.Bf1 Bxe4 68.a6 f3 69.Ke3 Bd5 70.Bc4 Bxc4 71.bxc4 b3 72.a7 b2
73.a8=Q b1=Q 74.Qa5+ Kxc4 75.Qc7+ Kd5 76.Qd7+ Ke5 77.Qe7+ Kd5  1/2-1/2

[Event "MTO Open"]
[Site "Biel SUI"]
[Date "2006.07.28"]
[Round "5"]
[White "Kurmann,O"]
[Black "Alvarado,C"]
[Result "1-0"]
[WhiteElo "2331"]
[BlackElo "2168"]

1.e4 c5 2.Nf3 Nc6 3.d4 cxd4 4.Nxd4 Qb6 5.Nb3 Nf6 6.Nc3 e6 7.Qe2 Bb4 8.Bd2 O-O
9.a3 Be7 10.O-O-O d5 11.exd5 exd5 12.Be3 Qd8 13.h3 Be6 14.g4 Rc8 15.g5 Ne8
16.Bg2 Bxg5 17.f4 Be7 18.Nxd5 Bxd5 19.Bxd5 Bd6 20.Kb1 Qc7 21.Nd4 Nxd4 22.Bxd4 Bxf4
23.Rhg1 g6 24.h4 Ng7 25.h5 Rfe8 26.Qd3 Kf8 27.hxg6 hxg6 28.Rh1 Be5 29.Rh8+ Ke7
30.Re1 Kf6 31.Rh7 Re7 32.Qf3+ Nf5 33.Rxf7+ Kg5 34.Be3+ Kh4 35.Rh1+ Bh2 36.Qf2+ Kh3
37.Qg2+  1-0

[Event "Czech Open A"]
[Site "Pardubice CZE"]
[Date "2006.07.29"]
[Round "9"]
[White "Kim,Alex"]
[Black "Matsenko,S"]
[Result "1/2-1/2"]
[WhiteElo "2454"]
[BlackElo "2367"]

1.e4 c5 2.Nf3 Nc6 3.d4 cxd4 4.Nxd4 Qc7 5.Nc3 e6 6.Be3 a6 7.Qd2 Nf6 8.O-O-O Bb4
9.f3 Ne5 10.Nb3 b5 11.Qe1 Be7 12.f4 Nc4 13.e5 Ng4 14.Bd4 f5 15.Be2 Nh6 16.Qf2 Bb7
17.Bc5 Rc8 18.Bxe7 Kxe7 19.Bxc4 bxc4 20.Nd4 Rhd8 21.Rd2 Kf7 22.Rhd1 Ba8 23.Nf3 Kg8
24.Rd6 Rb8 25.Qd4 Bc6 26.Ng5 Nf7 27.Nxf7 Kxf7 28.Qxc4 a5 29.g3 Qb7 30.b3 Qb4
31.Qxb4 axb4 32.Nb1 g5 33.a3 bxa3 34.Nxa3 gxf4 35.gxf4 Rg8 36.R1d2 Rg1+ 37.Kb2 Rf1
38.R6d4 Kg6 39.Nc4 Kh5 40.R2d3 Kh4 41.Rg3 Rf2 42.Rg7 h5 43.Rd2 Rxd2 44.Nxd2 Kh3
45.Kc3 h4 46.Kd3 Kxh2 47.Ke2 Bg2 48.Kf2 h3 49.Nc4 Rb4 50.Rxd7  1/2-1/2

[Event "Sunny Pawn Open"]
[Site "Illichevsk UKR"]
[Date "2006.07.30"]
[Round "10"]
[White "Pylypchuk,O"]
[Black "Nazarevich,V"]
[Result "1/2-1/2"]
[WhiteElo "2021"]
[BlackElo "2303"]

1.e4 c5 2.Nf3 Nc6 3.d4 cxd4 4.Nxd4 Qc7 5.Nc3 e6 6.Ndb5 Qb8 7.Be3 Nf6 8.f4 d6
9.Be2 Be7 10.Bf3 O-O 11.O-O Bd7 12.g4 a6 13.Nd4 Nxd4 14.Bxd4 Bc6 15.g5 Nd7
16.Bg2 e5 17.Be3 exf4 18.Bxf4 Qa7+ 19.Kh1 Ne5 20.Nd5 b5 21.Qh5 Qb7 22.Rae1 Bxd5
23.exd5 f6 24.Bxe5 fxe5 25.Be4 g6 26.Bxg6 hxg6 27.Qxg6+ Kh8  1/2-1/2

[Event "FSIMB August"]
[Site "Budapest HUN"]
[Date "2006.08.10"]
[Round "6"]
[White "Hoolt,S"]
[Black "Mihok,O"]
[Result "1/2-1/2"]
[WhiteElo "2122"]
[BlackElo "2223"]

1.e4 c5 2.Nf3 Nc6 3.d4 cxd4 4.Nxd4 Qb6 5.Nb3 Nf6 6.Nc3 e6 7.g3 Bb4 8.Bg2 d5
9.exd5 Nxd5 10.Bxd5 exd5 11.O-O Bxc3 12.bxc3 Be6 13.Ba3 O-O-O 14.Rb1 Qa6
15.Bc1 Qc4 16.Nd4 Nxd4 17.Qxd4 Qxd4 18.cxd4 Rd6 19.Bd2 Rc6 20.c3 h5 21.f3 Bf5
22.Rb2 Re8 23.Re1 Rxe1+ 24.Bxe1 Bd3 25.a4 Ra6 26.Ra2 Bc4 27.Ra1 Kd7 28.Kg2 Re6
29.Bf2 Re2 30.h3 Rc2 31.Ra3 Rb2 32.g4 hxg4 33.hxg4 Rb6 34.Ra1 Rb3 35.Be1 a6
36.Kg3 b5 37.axb5 Bxb5 38.f4 Bc4 39.f5 Rb8 40.Bd2 Rb2 41.Bf4 Rc2 42.Ra3 g6
43.fxg6 fxg6 44.Kh4 Ke6 45.Kg3 Kd7 46.Kh4 Ra2 47.Rxa2 Bxa2 48.Kg5 Bb1 49.Kf6 Kc6
50.Ke5 a5 51.Bc1 a4 52.g5 Bc2 53.Ba3 Bd1 54.Kf6 Bh5 55.Ke5 Bf3 56.Kf4 Bg2
57.Ke3 Kb5 58.Kd2 Kc4 59.Kc2 Be4+ 60.Kb2 Kb5  1/2-1/2

[Event "Open"]
[Site "Predeal ROM"]
[Date "2006.08.14"]
[Round "3"]
[White "Lupulescu,C"]
[Black "Chirila,I"]
[Result "1-0"]
[WhiteElo "2566"]
[BlackElo "2292"]

1.e4 c5 2.Nf3 Nc6 3.d4 cxd4 4.Nxd4 Qb6 5.Nb3 Nf6 6.Nc3 e6 7.a3 Qc7 8.f4 d6
9.Bd3 a6 10.O-O b5 11.Qe2 Rb8 12.Kh1 Be7 13.Bd2 O-O 14.Rae1 b4 15.axb4 Nxb4
16.e5 Nfd5 17.Nxd5 Nxd5 18.Rf3 g6 19.Ref1 Nb4 20.Bc3 d5 21.Rh3 Bd7 22.Qd2 h5
23.f5 exf5 24.e6 fxe6 25.Qh6 Kf7 26.Rxh5 Ke8 27.Qxg6+ Kd8 28.Nd4 Qd6 29.Rh6 Rb6
30.Qg7 Qc5 31.Re1 Nxd3 32.cxd3 Kc8 33.Nxe6  1-0

[Event "August Open"]
[Site "Cambre ESP"]
[Date "2006.08.15"]
[Round "7"]
[White "Dominguez Fernandez,S"]
[Black "Arias,M"]
[Result "0-1"]
[WhiteElo "1948"]
[BlackElo "2063"]

1.e4 c5 2.Nf3 Nc6 3.d4 cxd4 4.Nxd4 Qc7 5.Be3 a6 6.Nc3 e6 7.Be2 Nf6 8.f4 Bb4
9.Bf3 d6 10.O-O Bd7 11.Qd2 Na5 12.a3 Nc4 13.Qc1 Bc5 14.Bf2 Rc8 15.Nce2 e5
16.fxe5 dxe5 17.Nb3 Bxf2+ 18.Rxf2 Qb6 19.Qg5 O-O 20.Rf1 Ne3 21.Qxe5 Nxf1
22.Kxf1 Rxc2 23.Ned4 Rxf2+ 24.Kxf2 Ba4 25.Bd1 Rd8 26.Kf3 h6 27.Bc2 Nh7 28.Ke3 Ng5
29.Nc5 Bxc2 30.Nxc2 Ne6 31.b4 Rc8 32.Nd4 Nxc5 33.bxc5 Qxc5 34.Qd5 Qc1+ 35.Ke2 Qb2+
36.Kf3 Rc3+ 37.Kf4 Qd2+ 38.Ke5 Qg5+ 39.Kd6 Qf6+ 40.Kd7 Rd3 41.e5 Qf4  0-1

[Event "Independence Cup A"]
[Site "Kyiv UKR"]
[Date "2006.08.17"]
[Round "5"]
[White "Palkovich,D"]
[Black "Nazarevich,V"]
[Result "1/2-1/2"]
[WhiteElo "2212"]
[BlackElo "2303"]

1.e4 c5 2.Nf3 Nc6 3.d4 cxd4 4.Nxd4 Qc7 5.Nc3 e6 6.g3 a6 7.Bg2 d6 8.O-O Bd7
9.Re1 Be7 10.a4 Nf6 11.Nxc6 bxc6 12.a5 Rb8 13.Qe2 Bc8 14.e5 dxe5 15.Qxe5 Bd6
16.Qe2 O-O 17.b3 Nd5 18.Ne4 Be5 19.Ra4 Rb4 20.Rxb4 Nxb4 21.Ng5 Bc3 22.Qe4 f5
23.Qh4 h6 24.Nxe6 Qf7 25.Nd8 Qf6 26.Qxf6 Rxf6 27.Re8+ Kh7 28.Ba3 Rd6 29.Bf3 Rd2
30.Bxb4 Bxb4 31.Nxc6 Bd7 32.Rd8 Bxc6 33.Rxd2 Bxf3 34.Rd4 Bxa5 35.Ra4 Bc3
36.Rxa6 Be4 37.Ra7 Kg6 38.Rc7 Be5 39.Rc4 Kf6 40.f4 Bb8 41.Rc8 Ba7+ 42.Kf1 g5
43.fxg5+ hxg5 44.b4 Ke6 45.Ke2 f4 46.gxf4 gxf4 47.Rf8 f3+ 48.Rxf3 Bxf3+ 49.Kxf3 Kd5
50.h4 Bd4 51.b5 Kc4 52.Ke4 Bf6 53.h5 Kxb5 54.Kd5 Bc3 55.h6 Kb4 56.h7 Kb5  1/2-1/2

[Event "Epetium Open"]
[Site "Stobrec CRO"]
[Date "2006.08.17"]
[Round "5"]
[White "Brkic,I"]
[Black "Plenkovic,Z"]
[Result "1/2-1/2"]
[WhiteElo "2171"]
[BlackElo "2325"]

1.e4 c5 2.Nf3 Nc6 3.d4 cxd4 4.Nxd4 Qc7 5.Be3 Nf6 6.Nc3 e6 7.a3 a6 8.Be2 b5
9.Nxc6 dxc6 10.Bf3 e5 11.O-O Be6 12.b3 Be7 13.Qe2 O-O 14.a4 b4 15.Nb1 c5
16.Nd2 c4 17.Rfc1 Rfc8 18.a5 cxb3 19.Nxb3 Qb7 20.Bb6 Rc3 21.Rcb1 Rac8 22.Qf1 Rxc2
23.Be2 Bc4 24.Bxc4 R2xc4 25.f3 Rc3 26.Ra2 Nd7 27.Bf2 Nc5 28.Nxc5 Bxc5 29.h3 Bxf2+
30.Qxf2 b3 31.Rab2 Rc1+ 32.Rxc1 Rxc1+ 33.Kh2 Rc8 34.Qb6 Qxb6 35.axb6 Rb8
36.Rxb3 Rb7 37.Rc3 Kf8 38.Rc5 Rxb6 39.Rc7 h5 40.Kg3 Rg6+ 41.Kf2 h4 42.Rc5 Re6
43.g3 hxg3+ 44.Kxg3 Ke7 45.Rc7+ Kf6 46.Kg4 Rb6 47.Ra7 g6 48.h4 Kg7 49.Kg3 Kf8
50.Kg4 Rf6 51.Ra8+ Ke7 52.Ra7+ Kd8 53.Kg3 Kc8 54.Re7 a5 55.Ra7 Kd8 56.Rxa5 Re6
57.Ra8+ Ke7 58.Kg4 Kf6 59.h5 gxh5+ 60.Kxh5 Rb6 61.Kg4 Kg6 62.Rg8+ Kf6 63.Ra8 Rc6
64.f4 Re6 65.Ra5 exf4 66.Kxf4 Kg6 67.Rg5+ Kf6 68.Rf5+ Kg6  1/2-1/2

[Event "Open"]
[Site "Stare Mesto CZE"]
[Date "2006.08.19"]
[Round "10"]
[White "Medunova,V"]
[Black "Bitkinin,L"]
[Result "1/2-1/2"]
[WhiteElo "2172"]
[BlackElo "2077"]

1.e4 c5 2.Nf3 Nc6 3.d4 cxd4 4.Nxd4 Qc7 5.Nc3 e6 6.a3 a6 7.g3 Nf6 8.Bg2 Bc5
9.Nb3 Ba7 10.O-O d6 11.Qe2 Ne5 12.Be3 Bxe3 13.Qxe3 Nc4 14.Qc1 O-O 15.Nd2 Ne5
16.Nf3 Nc4 17.Nd2 Ne5 18.Nf3 Nc4 19.Nd2  1/2-1/2

[Event "6th Open"]
[Site "Velika Gorica CRO"]
[Date "2006.08.20"]
[Round "2"]
[White "Grobelsek,A"]
[Black "Doric,N"]
[Result "1/2-1/2"]
[WhiteElo "2111"]
[BlackElo "2310"]

1.e4 c5 2.Nf3 Nc6 3.d4 cxd4 4.Nxd4 Qb6 5.Nxc6 bxc6 6.Nc3 d6 7.Be2 Nf6 8.O-O g6
9.a4 a5 10.Be3 Qc7 11.Bf3 Rb8 12.Ne2 Ba6 13.Re1 Bg7 14.Nd4 Nd7 15.Be2 Bxe2
16.Qxe2 Rxb2 17.Rab1 Rxb1 18.Rxb1 Nc5 19.Qc4 O-O 20.f3 Rc8 21.Ne2 Ne6 22.Qa6 Nc5
23.Qc4 Ne6 24.Qa6 Nc5 25.Qc4  1/2-1/2

[Event "3rd Dato Arthur Tan"]
[Site "Kuala Lumpur MAS"]
[Date "2006.08.21"]
[Round "1"]
[White "Bitoon,R"]
[Black "Hamid,R"]
[Result "1-0"]
[WhiteElo "2433"]
[BlackElo "2144"]

1.e4 c5 2.Nf3 Nc6 3.d4 cxd4 4.Nxd4 Qc7 5.Be2 e6 6.O-O Nf6 7.Nc3 a6 8.Be3 Be7
9.f4 d6 10.a4 O-O 11.Nb3 b6 12.g4 Nd7 13.g5 Na5 14.Nd2 d5 15.exd5 Bc5 16.Bf2 Qxf4
17.Nde4 Bxf2+ 18.Rxf2 Qe5 19.b4 exd5 20.Qxd5 Qxd5 21.Nxd5 Nc6 22.Nd6 g6 23.Raf1 Nde5
24.b5 axb5 25.axb5 Nd4 26.c3 Nf5 27.Nxb6 Nxd6 28.Nxa8 Ne4 29.Nb6 Be6 30.Ra1 Ng4
31.Bf1 Ne3 32.Rc2 Rb8 33.Ra8 Rxa8 34.Nxa8 Nxc3 35.Kh1 Ne2 36.Bg2 Bg4 37.Rb2 Nc4
38.Rb4  1-0

[Event "3rd Dato Arthur Tan"]
[Site "Kuala Lumpur MAS"]
[Date "2006.08.25"]
[Round "8"]
[White "Baba,M"]
[Black "Hamid,R"]
[Result "1-0"]
[WhiteElo "2189"]
[BlackElo "2144"]

1.e4 c5 2.Nf3 Nc6 3.d4 cxd4 4.Nxd4 Qc7 5.Nc3 e6 6.Be2 a6 7.a4 Nf6 8.O-O Bb4
9.Qd3 O-O 10.Bg5 Be7 11.Bh4 d6 12.Kh1 Nb4 13.Qd2 e5 14.Nb3 Be6 15.f4 Rac8
16.Rac1 Rfd8 17.Bf3 Bc4 18.Rfe1 exf4 19.Nd4 Ne8 20.Qxf4 Bxh4 21.Qxh4 Nc6
22.Nf5 f6 23.Bg4 Ne5 24.Bh3 Rb8 25.Ne3 Bf7 26.Rf1 Qc5 27.Ncd5 Ng6 28.Qg3 Qd4
29.Bf5 Qxb2 30.c3 Qa3 31.h4 Qxa4 32.h5 Ne5 33.Ra1 Qb5 34.h6 g6 35.Ng4 Nxg4
36.Qxg4 Kh8 37.Be6 Bxe6 38.Qxe6 Qd7 39.Rxf6 Qxe6 40.Rxe6 Rd7 41.Rf1 Nc7 42.Nxc7 Rxc7
43.Rxd6 Kg8 44.e5 Re8 45.e6 Rf8 46.Rb1 Re7 47.c4 Rfe8 48.Rd7 b5 49.cxb5 axb5
50.Rxb5 Rxd7 51.exd7 Rd8 52.Rb7 Kf7 53.Kh2 Kf6 54.Kg3 Kg5 55.Kf3 Kxh6 56.Kf4 Kg7
57.Ke5 Kf7 58.Kd6 h5 59.Rb3 g5 60.Rf3+ Kg6 61.Ke7 Rxd7+ 62.Kxd7 g4 63.Rf8 Kg5
64.g3  1-0

[Event "3rd Dato Arthur Tan"]
[Site "Kuala Lumpur MAS"]
[Date "2006.08.25"]
[Round "8"]
[White "Hasan,Me"]
[Black "Rogers,I"]
[Result "1/2-1/2"]
[WhiteElo "2327"]
[BlackElo "2548"]

1.e4 c5 2.Nf3 Nc6 3.d4 cxd4 4.Nxd4 Qc7 5.Nc3 e6 6.Be3 a6 7.Qd2 Nf6 8.O-O-O Bb4
9.f3 b5 10.g4 Na5 11.g5 Nh5 12.Kb1 Bxc3 13.bxc3 Nc4 14.Bxc4 bxc4 15.Ka1 O-O
16.Ne2 f5 17.Nf4 Nxf4 18.Bxf4 Qc6 19.Bd6 Rf7 20.g6 hxg6 21.h4 fxe4 22.h5 e3
23.Qh2 g5 24.h6 e2 25.Qxe2 Qxf3 26.Qe5 Qf6 27.hxg7 Qxe5 28.Rh8+ Kxg7 29.Bxe5+ Kg6
30.Rg8+ Kf5 31.Rf1+ Kxe5 32.Rxf7 Bb7 33.Rxg5+ Kd6 34.Kb2 Bd5 35.Rgg7 Bc6
36.Rf4 Bd5 37.Rff7 Bc6 38.Rf4 Bd5  1/2-1/2

[Event "3rd Dato Arthur Tan"]
[Site "Kuala Lumpur MAS"]
[Date "2006.08.26"]
[Round "10"]
[White "Tirto"]
[Black "Nadanian,A"]
[Result "0-1"]
[WhiteElo "2418"]
[BlackElo "2431"]

1.e4 c5 2.Nf3 Nc6 3.d4 cxd4 4.Nxd4 Qb6 5.Nb3 Nf6 6.Nc3 e6 7.Qe2 Bb4 8.Bd2 O-O
9.a3 Be7 10.O-O-O d5 11.Be3 Qc7 12.exd5 Nxd5 13.Nxd5 exd5 14.Rxd5 Be6 15.Rd1 Rfd8
16.Nd4 Nxd4 17.Bxd4 Rac8 18.Be5 Rxd1+ 19.Kxd1 Qd7+ 20.Qd2 Qa4 21.Bd3 Qc6
22.f3 Bc4 23.Be4 Qb5 24.Qf4 h6 25.h4 f6 26.Bc3 Bf1 27.Qe3 Rd8+ 28.Kc1 Bc5
29.Qe1 Bxg2 30.Rh2 Qf1 31.Qxf1 Bxf1 32.Bxb7 Bg1 33.Ba5 Rd6 34.Rd2 Be3 35.Be4 h5
36.Bg6 Be2 37.Bb4 Bxd2+ 38.Bxd2 Bxf3 39.c3 Re6 40.c4 Re2 41.c5 Rh2 42.Be1 Rg2
43.Bf5 Bc6 44.b4 g5 45.Bd3 Kg7 46.b5 Be4 47.Bxe4 Re2 48.Bg3 Rxe4 49.b6 gxh4
50.b7 hxg3 51.b8=Q g2 52.Qb7+ Kh6 53.Qxe4 g1=Q+ 54.Kb2 Qxc5 55.Qf4+ Qg5 56.Qf2 a6
57.a4 h4 58.Qf3 Qe5+ 59.Kb3 Qg3  0-1

[Event "Universities"]
[Site "Istanbul TUR"]
[Date "2006.09.02"]
[Round "4"]
[White "Kovchan,A"]
[Black "Kuparadze,G"]
[Result "1-0"]
[WhiteElo "2498"]
[BlackElo "2389"]

1.e4 c5 2.Nf3 Nc6 3.d4 cxd4 4.Nxd4 Qc7 5.Nc3 e6 6.Nxc6 bxc6 7.Bd3 Nf6 8.O-O e5
9.Kh1 Be7 10.f4 d6 11.Qf3 O-O 12.Bd2 Rb8 13.b3 exf4 14.Bxf4 Ng4 15.Qg3 Ne5
16.Bxe5 dxe5 17.Bc4 Ba3 18.Rxf7 Rxf7 19.Rf1 Rb7 20.Rxf7 Qxf7 21.Qxe5 Qxc4
22.bxc4 Rf7 23.h3 Bb2 24.Qb8 Bxc3 25.Qxc8+ Rf8 26.Qxc6 Rf1+ 27.Kh2 Be5+ 28.g3 Kf7
29.Qd7+ Kf6 30.Qd2 Rd1 31.Qxd1  1-0

[Event "3rd Open"]
[Site "Kalamaria GRE"]
[Date "2006.09.02"]
[Round "5"]
[White "Athanasiadis,M"]
[Black "Managadze,N"]
[Result "1/2-1/2"]
[WhiteElo "2064"]
[BlackElo "2444"]

1.e4 c5 2.Nf3 Nc6 3.d4 cxd4 4.Nxd4 Qb6 5.Nb3 Nf6 6.Nc3 e6 7.Be3 Qc7 8.Bd3 a6
9.a4 Bb4 10.O-O Bxc3 11.bxc3 d5 12.exd5 Nxd5 13.Bc5 b6 14.Ba3 Bb7 15.c4 Nf4
16.Be4 Rd8 17.Qg4 f5 18.Bxf5 Ne5 19.Qxf4 Nf3+ 20.Qxf3 Bxf3 21.Rfe1 e5 22.gxf3 Kf7
23.a5 Qxc4 24.axb6 Qf4 25.Be4 h5 26.Bc5 Qg5+ 27.Kh1 h4 28.Be3 Qf6 29.Rxa6 h3
30.Ra7+ Kg8 31.b7 Rh4 32.Nd2 Rxe4 33.b8=Q Rxb8 34.fxe4 Rd8 35.Rg1 g6 36.Bg5 Qxf2
37.Bxd8 Qxa7 38.Rxg6+ Kf7 39.Rg1 Qa4 40.c4 Qa7 41.Bg5 Ke8 42.Rg3 Qa1+ 43.Rg1 Qd4
44.Rf1 Qa7 45.Nb3 Qd7 46.Rg1 Qd3 47.Nd2 Qe2 48.Bh6 Qf2 49.Bg5 Qe2 50.Bh6  1/2-1/2

[Event "TCh-Serbia"]
[Site "Zlatibor SCG"]
[Date "2006.09.02"]
[Round "8"]
[White "Popovic,Du"]
[Black "Miladinovic,I"]
[Result "1-0"]
[WhiteElo "2523"]
[BlackElo "2584"]

1.e4 c5 2.Nf3 Nc6 3.d4 cxd4 4.Nxd4 Qc7 5.Nc3 e6 6.Be3 Nf6 7.a3 a6 8.Be2 Nxd4
9.Qxd4 Bd6 10.Qd2 Be5 11.Bd4 Bf4 12.Qd3 d6 13.g3 Be5 14.O-O-O Bd7 15.f4 Bxd4
16.Qxd4 Bc6 17.Qxd6 Qxd6 18.Rxd6 Bxe4 19.Nxe4 Nxe4 20.Rd4 Nf6 21.Bf3 Rb8
22.Rhd1 Ke7 23.Rc4 Ne8 24.Rcd4 Nf6 25.g4 h6 26.h4 b5 27.g5 hxg5 28.hxg5 Ne8
29.Rd7+ Kf8 30.f5 Rh2 31.g6 fxg6 32.fxe6 Rb6 33.e7+ Kf7 34.Bd5+ Kf6 35.Rf1+ Kg5
36.Bf7 Rc6 37.c3  1-0

[Event "EU-chB16"]
[Site "Herceg Novi MNE"]
[Date "2006.09.14"]
[Round "5"]
[White "Rasulov,V"]
[Black "Vila Gazquez,Ja"]
[Result "1-0"]
[WhiteElo "2152"]
[BlackElo "2345"]

1.e4 c5 2.Nf3 Nc6 3.d4 cxd4 4.Nxd4 Qc7 5.Nb5 Qb8 6.c4 Nf6 7.N5c3 e6 8.Be3 b6
9.Nd2 Bb7 10.Be2 Bc5 11.Bxc5 bxc5 12.Nb3 d6 13.O-O O-O 14.f4 e5 15.Qd2 Re8
16.f5 Nd4 17.Bd3 Kf8 18.Nc1 Bc6 19.Rb1 Qb7 20.Qe3 Ke7 21.N1e2 a5 22.h3 Rg8
23.g4 g5 24.fxg6 Rxg6 25.Nd5+ Bxd5 26.exd5 Nxg4 27.Bxg6 Nxe3 28.Rxf7+ Kd8
29.Rxb7 hxg6 30.Kf2 Nef5 31.Rg1 Ne7 32.Nxd4 cxd4 33.c5 Ra6 34.c6 Ra8 35.h4 Ke8
36.h5 Kf8 37.hxg6 Nxd5 38.g7+ Kg8 39.Rh1  1-0

[Event "14th Bora Kostic Mem"]
[Site "Vrsac SCG"]
[Date "2006.09.15"]
[Round "4"]
[White "Spraggett,K"]
[Black "Miladinovic,I"]
[Result "1/2-1/2"]
[WhiteElo "2577"]
[BlackElo "2584"]

1.e4 c5 2.Nf3 Nc6 3.d4 cxd4 4.Nxd4 Qc7 5.Nc3 e6 6.Be3 Nf6 7.f4 Bb4 8.Nb5 Qa5
9.e5 Nd5 10.Bd2 Nxc3 11.Bxc3 Bxc3+ 12.Nxc3 O-O 13.Qd2 f6 14.exf6 Rxf6 15.O-O-O d5
16.Kb1 Bd7 17.g3 Be8 18.a3 a6 19.Ne2 Bh5 20.Qxa5 Nxa5 21.Re1 Nc4 22.Nd4 Nd2+
23.Kc1 Ne4 24.Bh3 Bf7 25.Bg2 Bg6 26.Bh3 Bf7 27.Bg2  1/2-1/2

[Event "EU-chG16"]
[Site "Herceg Novi MNE"]
[Date "2006.09.16"]
[Round "6"]
[White "Ivanova,D"]
[Black "Girya,O"]
[Result "0-1"]
[WhiteElo "2101"]
[BlackElo "2230"]

1.e4 c5 2.Nf3 Nc6 3.d4 cxd4 4.Nxd4 Qb6 5.Nb3 Nf6 6.Nc3 e6 7.Qe2 d6 8.g4 Be7
9.Be3 Qc7 10.g5 Nd7 11.h4 a6 12.f4 b5 13.Bh3 Nb6 14.f5 Nc4 15.fxe6 Bxe6 16.Bxe6 fxe6
17.O-O-O O-O 18.Bd4 N6e5 19.Bxe5 dxe5 20.Rd3 b4 21.Nd1 Rf4 22.Nd2 Rc8 23.Nf1 Qc6
24.Ng3 Rxh4 25.Rxh4 Bxg5+ 26.Kb1 Bxh4 27.Nh5 Bg5 28.Qg2 h6 29.Qe2 Nd6 30.Nf2 Nb5
31.Nh3 Nd4 32.Rxd4 exd4 33.Nf2 g6 34.Ng3 Bh4 35.Ngh1 Bxf2 36.Nxf2 Kg7 37.Nd3 a5
38.Qg2 g5  0-1

[Event "EU-chG18"]
[Site "Herceg Novi MNE"]
[Date "2006.09.16"]
[Round "6"]
[White "Congiu,M"]
[Black "Ivakhinova,I"]
[Result "1-0"]
[WhiteElo "2115"]
[BlackElo "2244"]

1.e4 c5 2.Nf3 Nc6 3.d4 cxd4 4.Nxd4 Qb6 5.Nb3 Nf6 6.Nc3 e6 7.Be3 Qc7 8.f3 Bb4
9.Qd2 d5 10.a3 Bxc3 11.Qxc3 dxe4 12.fxe4 O-O 13.Bd3 Ng4 14.Bc5 Rd8 15.O-O-O b6
16.h3 Nge5 17.Bd4 Nxd3+ 18.Rxd3 Ba6 19.Rd2 f6 20.Be3 Rxd2 21.Nxd2 Rc8 22.g4 Kf7
23.g5 Qg3 24.gxf6 gxf6 25.Bd4 Nxd4 26.Qxd4 Qd3 27.Qa4 Rc7 28.Rd1 Qe2 29.Qd4 Bd3
30.c3 Bb5 31.Rf1 e5 32.Qd6 Re7 33.Rxf6+ Ke8 34.Qb8+  1-0